Tablas de mortalidad de la provincia de Buenos Aires (1980-1982): partidos y zonas sanitarias /

Detalles Bibliográficos
Autor principal: Otero, Hernan
Otros Autores: Velázquez, Guillermo ángel
Formato: Libro
Publicado: Tandil : PROPIEP/SECYT, 1995.
Materias:
Etiquetas: Agregar Etiqueta
Sin Etiquetas, Sea el primero en etiquetar este registro!

MARC

LEADER 00000nam a22000004a 4500
001 AR-BbUGT243
003 AR-BbUGT
005 20221214122006.0
007 ta
008 061101t1995 |||a |0|||0| d
999 |c 8099  |d 8099 
040 |a AR-BbUGT  |b spa  |c AR-BbUGT 
082 0 4 |a 312.2098213 
100 1 |a Otero, Hernan. 
245 1 0 |a Tablas de mortalidad de la provincia de Buenos Aires (1980-1982):   |b partidos y zonas sanitarias /   |c Hernán Otero ; Guillermo Velázquez. 
260 |a Tandil :   |b PROPIEP/SECYT,   |c 1995. 
300 |a 319 p. :   |b il. 
651 4 |a Buenos Aires (Argentina : Provincia)   |9 261 
653 |a Mortalidad 
653 |a Población 
700 1 |a Velázquez, Guillermo ángel. 
942 |c BK  |h 312.2098213  |i OT2  |2 ddc  |6 312_209821300000000_OT2